000 00845nam a2200265 i 4500
001 000036491
003 DO-SdBNP
005 20240712091023.0
007 ta
008 120118s1973 dr 000 0 spa d
020 _a3803900751
040 _aDO-SdBNP
_bspa
_cBNPHU
_erda
082 4 _222
100 1 _aGrabendorff, Wolf,
_d1940-
_962728
_eautor
245 1 0 _aBibliographie zu politik und gesellschaft der Dominikanischen Republik :
_bNeuere Studien 1961-1971 /
_cWolf Grabendorff
264 _aMünchen :
_bWeltforum Verlag,
_c1973.
300 _a103 páginas ;
_c25 cm.
336 _2rdacontent
_atexto
_btxt
337 _2rdamedia
_asin mediación
_bn
338 _2rdacarrier
_avolumen
_bnc
490 _aMaterialien zu Enterwicklung und Politik
_v3
500 _aIncluye índice
590 _aInventariado, 2024/BT
942 _2ddc
_cLBS1
999 _c35982
_d35982